000 00647nam a2200229 a 4500
001 19575
003 CO-ViMGA
008 141112s2004 ck r 000 u spa d
020 _a8489979920
040 _aCO-ViMGA
_bspa
_cCO-ViMGA
082 0 4 _aCARe
100 1 _aCarre, Gerard
_928282
245 1 0 _aEstación Babilonia
260 _aMadrid :
_bIntermon; 1999
300 _a63 p.
490 _aPequeños ciudadanos
590 _aForma de adquisición : Premio Mincultura
650 1 4 _aCUENTOS INFANTILES FRANCESES
_97840
650 1 4 _aFEALDAD - CUENTOS INFANTILES
_928283
650 1 4 _aTRISTEZA - CUENTOS INFANTILES
_928284
942 _2ddc
_cBK
999 _c28714
_d28714